000 00504nam a2200157 i 4500
001 82553
003 ES-MaACL
005 20230906174708.0
007 t|
008 041111s1952 sp ||||1| spa d
100 1 _aImbert, Erasmo de.
_965211
245 1 0 _aErasmo de Gonima, 1746-1821
_b: apuntes para una biografía y estudio de su época /
_cErasmo de Imbert.
260 _aBarcelona :
_b[s.n.,
_c1952] (
_fHorta)
300 _a204 p., 1 lám. :
_bil. ;
_c29 cm.
852 _aES-MaACL
_jC-10750
_bR.38315
999 _c82553
_d82553